000
00339nam a2200133Ia 4500
008
221030s9999 xx 000 0 und d
041
_a
English
100
_a
S. K. Bhatacharaya
245
0
_a
Industrial Electronics & Control
_c
by S. K. Bhatacharaya, S. Chatterjee
260
_c
0
650
_a
B
700
_a
S. Chatterjee
942
_c
BK
999
_c
17408
_d
17408